ARRUPE JESUIT UNIVERSITY

CORONAVIRUS -STOP THE SPREAD - CLEAN,DISINFECT,COVER

Education, values and religion (Record no. 119854)

MARC details
000 -LEADER
fixed length control field 00562nam a22001457a 4500
008 - FIXED-LENGTH DATA ELEMENTS--GENERAL INFORMATION
fixed length control field 140131b xxu||||| |||| 00| 0 eng d
050 ## - LIBRARY OF CONGRESS CALL NUMBER
Classification number LC368.S121
100 ## - MAIN ENTRY--PERSONAL NAME
Personal name Sacks, Jonathan Rabbi
9 (RLIN) 7620
245 ## - TITLE STATEMENT
Title Education, values and religion
Remainder of title the victor cook memorial lectures /
Statement of responsibility, etc Rabbi Jonathan Sacks and Sir Stewart Sutherland
260 ## - PUBLICATION, DISTRIBUTION, ETC. (IMPRINT)
Place of publication, distribution, etc St Andrews
Name of publisher, distributor, etc Centre for Philosophy and Public Affairs, University of St Andrews
Date of publication, distribution, etc 1996
300 ## - PHYSICAL DESCRIPTION
Extent 50p.
Dimensions 22cm.
650 ## - SUBJECT ADDED ENTRY--TOPICAL TERM
Topical term or geographic name as entry element Education and Religion
9 (RLIN) 7621
700 ## - ADDED ENTRY--PERSONAL NAME
Personal name Sutherland, Stewart
9 (RLIN) 7622
942 ## - ADDED ENTRY ELEMENTS (KOHA)
Source of classification or shelving scheme Library of Congress Classification
Item type Monograph ( Printed materials)
Holdings
Withdrawn status Lost status Source of classification or shelving scheme Damaged status Not for loan Home library Current library Shelving location Date acquired Total Checkouts Full call number Barcode Date last seen Price effective from Koha item type
    Library of Congress Classification     ARRUPE LIBRARY ARRUPE LIBRARY Main Collection 31/01/2014   LC368.S121 46412157 28/06/2018 31/01/2014 Monograph ( Printed materials)

 

Arrupe Library. PO Box MP320 Mt Pleasant, Harare, Zimbabwe
263 242 745411|librarian@aju.ac.zw